największe miasta w czechach - Statystyki

Ogólne statystyki
  • Ten quiz został rozwiązany 39 razy
  • Średni wynik to 5 z 6
Statystyki odpowiedzi
ludność miasta % Poprawnych
1,357,326 praga
100%
396,101 brno
97%
283,504 ostrawa
74%
107,389 liberec
63%
181,240 pilzno
63%
101,825 ołomuniec
54%
Nie znaleziono quizów pasujących do podanych kryteriów
Rozkład punktacji
Procent ludzi z każdym wynikiem
Percentyl według liczby udzielonych odpowiedzi
Twoja historia wyników
Nie rozwiązałeś tego quizu